[Event "Barcelona Sant Marti op-A 17th"]
[Site "Barcelona"]
[Date "2015.07.17"]
[Round "5"]
[White "Franch Guiral, Ramon"]
[Black "Deshpande, Aniruddha"]
[Result "0-1"]
[WhiteElo "1964"]
[BlackElo "2268"]
[PlyCount "46"]
[EventDate "2015.07.13"]
[EventType "swiss"]
[EventRounds "9"]
[EventCountry "ESP"]
[SourceTitle "CBM 167 Extra"]
[Source "ChessBase"]
[SourceDate "2015.09.14"]
[SourceVersion "1"]
[SourceVersionDate "2015.09.14"]
[SourceQuality "1"]

1. e4 d5 2. exd5 Qxd5 3. Nc3 Qd6 4. d3 e5 5. Bd2 Nc6 6. Nf3 Nf6 7. h3 Bf5 8. Bg5 h6 9. Bxf6 Qxf6 10. Nd2 0-0-0 11. g4 Bg6 12. Qf3 Qxf3 13. Nxf3 Nd4 14. Nxd4 exd4 15. Nb1 h5 16. Bg2 Re8+ 17. Kd2 Bb4+ 18. c3 Bc5 19. f3 Re3 20. gxh5 Rxd3+ 21. Kc2 Rxc3+ 22. Kd1 Rd3+ 23. Nd2 Bb4 0-1

[Event "Mataro Maresme 6th"]
[Site "Mataro"]
[Date "2013.04.13"]
[Round "2.3"]
[White "Franch Guiral, Ramon"]
[Black "Ruiz Molina, Gabriel"]
[Result "1/2-1/2"]
[WhiteElo "2094"]
[BlackElo "2102"]
[PlyCount "77"]
[EventDate "2013.04.06"]
[EventType "swiss"]
[EventRounds "9"]
[EventCountry "ESP"]
[SourceTitle "EXT 2024"]
[Source "ChessBase"]
[SourceDate "2023.10.10"]
[SourceVersion "1"]
[SourceVersionDate "2023.10.10"]
[SourceQuality "1"]

1. c4 c5 2. Nf3 Nc6 3. g3 Nf6 4. Bg2 e5 5. d3 h6 6. 0-0 d6 7. Nc3 Be7 8. a3 Be6 9. a4 Bd7 10. Qc2 0-0 11. e3 Re8 12. Rb1 Bf8 13. b4 Qc8 14. b5 Ne7 15. e4 Bh3 16. Ne1 Bxg2 17. Nxg2 Qh3 18. Ne3 g6 19. f4 exf4 20. Rxf4 Bg7 21. Ncd1 g5 22. Rf1 Nd7 23. Nf2 Qe6 24. Bb2 Ne5 25. Qe2 Rf8 26. Nfg4 f5 27. Bxe5 dxe5 28. exf5 Nxf5 29. Nxf5 Rxf5 30. Rxf5 Qxf5 31. Rf1 Qe6 32. Qe4 Rd8 33. Nf2 b6 34. Kg2 Qd7 35. Re1 Qe6 36. Qb7 Rd7 37. Qa8+ Kh7 38. Qe4+ Kg8 39. Qa8+ 1/2-1/2

[Event "Maresme op 9th"]
[Site "Maresme"]
[Date "2012.10.20"]
[Round "4"]
[White "Franch Guiral, Ramon"]
[Black "Olive Alier, Tomas"]
[Result "1-0"]
[WhiteElo "2083"]
[BlackElo "1900"]
[PlyCount "103"]
[EventDate "2012.09.29"]
[EventType "swiss"]
[EventRounds "9"]
[EventCountry "ESP"]
[SourceTitle "EXT 2014"]
[Source "ChessBase"]
[SourceDate "2013.11.20"]
[SourceVersion "1"]
[SourceVersionDate "2013.11.20"]
[SourceQuality "1"]

1. e4 c5 2. Nc3 e6 3. f4 Nc6 4. Nf3 a6 5. g3 g6 6. Bg2 Bg7 7. 0-0 Nge7 8. d3 Rb8 9. Rb1 0-0 10. Be3 b6 11. Ne2 Qc7 12. c3 Bb7 13. Qc2 Rfc8 14. Nh4 f5 15. Rbd1 a5 16. Bf3 Ba6 17. Rfe1 d6 18. Bf2 Rf8 19. Nc1 Qc8 20. Re3 Nd8 21. Rde1 Nec6 22. exf5 gxf5 23. Qb3 d5 24. Bg2 Qd7 25. Nf3 Rf6 26. Ng5 Kh8 27. Qd1 h6 28. Nf3 Rb7 29. Nh4 Qf7 30. Bf3 Qd7 31. Bh5 Qd6 32. Qf3 Kg8 33. Ng2 Ne7 34. g4 fxg4 35. Qxg4 Nf5 36. Rf3 Bb5 37. Nh4 Nf7 38. Nxf5 exf5 39. Qg2 Re6 40. Rg3 Rxe1+ 41. Bxe1 Nd8 42. Bf3 Rd7 43. Rg6 Qxf4 44. Bd2 Qh4 45. Bxd5+ Kf8 46. Qf3 Rxd5 47. Qxd5 Be8 48. Qxf5+ Kg8 49. Rg4 Qe7 50. Re4 Bd7 51. Rxe7 Bxf5 52. Re8+ 1-0

[Event "Barcelona Sant Marti op-A 14th"]
[Site "Barcelona"]
[Date "2012.07.18"]
[Round "6"]
[White "Kopaloff, Nick"]
[Black "Franch Guiral, Ramon"]
[Result "1-0"]
[WhiteElo "2075"]
[BlackElo "1948"]
[PlyCount "99"]
[EventDate "2012.07.13"]
[EventType "swiss"]
[EventRounds "9"]
[EventCountry "ESP"]
[SourceTitle "CBM 149 Extra"]
[Source "ChessBase"]
[SourceDate "2012.08.24"]
[SourceVersion "1"]
[SourceVersionDate "2012.08.24"]
[SourceQuality "1"]

1. d4 d5 2. Nf3 e6 3. e3 Bd6 4. Bd3 f5 5. c4 c6 6. b3 Qe7 7. Bb2 Nf6 8. Nbd2 0-0 9. 0-0 Ne4 10. Ne5 Nd7 11. f3 Nxd2 12. Qxd2 Qf6 13. Nxd7 Bxd7 14. e4 Qf7 15. e5 Be7 16. f4 Kh8 17. Be2 Rg8 18. Bc1 h6 19. Rf3 Qf8 20. Qe1 Be8 21. Rh3 Rd8 22. c5 b6 23. b4 Bg6 24. Qc3 b5 25. a4 a6 26. axb5 axb5 27. Ra6 Rc8 28. Qa1 Rc7 29. Bd2 Qc8 30. Rha3 Qd7 31. Qf1 Rgc8 32. Qf3 Kh7 33. Be1 Be8 34. Bd2 Rb7 35. Qh3 Rcc7 36. Qc3 Bf7 37. Bd1 Be8 38. Bc2 Bh5 39. Qe3 Ra7 40. Bxf5+ Kh8 41. Bc2 Bf7 42. Qd3 g6 43. Qh3 h5 44. g4 Rxa6 45. Rxa6 Qe8 46. f5 exf5 47. gxf5 gxf5 48. Qxf5 Qg8+ 49. Kh1 Qg7 50. Ra8+ 1-0

[Event "Canet de Mar Tancat del Maresme 5th"]
[Site "Canet de Mar"]
[Date "2012.05.19"]
[Round "6.2"]
[White "Ruiz Molina, Gabriel"]
[Black "Franch Guiral, Ramon"]
[Result "1/2-1/2"]
[WhiteElo "2129"]
[BlackElo "2106"]
[PlyCount "60"]
[EventDate "2012.04.14"]
[EventType "swiss"]
[EventRounds "9"]
[EventCountry "ESP"]
[SourceTitle "EXT 2024"]
[Source "ChessBase"]
[SourceDate "2023.10.10"]
[SourceVersion "1"]
[SourceVersionDate "2023.10.10"]
[SourceQuality "1"]

1. d4 e6 2. c4 b6 3. e4 Bb7 4. Nc3 Bb4 5. Qc2 Ne7 6. Bd3 Bxc3+ 7. bxc3 Ng6 8. Nf3 d6 9. h4 Nd7 10. Bg5 f6 11. Be3 e5 12. d5 Nc5 13. Be2 Nf8 14. h5 Nfd7 15. Nh4 g5 16. hxg6 hxg6 17. 0-0-0 Kf7 18. g3 Rh7 19. f4 Qh8 20. Bg4 Nf8 21. f5 g5 22. Ng6 Qg7 23. Bxc5 bxc5 24. Qb3 Rb8 25. Qa4 a6 26. Bh5 Kg8 27. Nxf8 Kxf8 28. g4 Ke7 29. Qb3 Rhh8 30. Qc2 Bc8 1/2-1/2

[Event "Canet de Mar Tancat del Maresme 5th"]
[Site "Canet de Mar"]
[Date "2012.04.28"]
[Round "3"]
[White "Gurri Mancera, Ferran"]
[Black "Franch Guiral, Ramon"]
[Result "1/2-1/2"]
[WhiteElo "2172"]
[BlackElo "2106"]
[PlyCount "46"]
[EventDate "2012.04.14"]
[EventType "swiss"]
[EventRounds "9"]
[EventCountry "ESP"]
[SourceTitle "EXT 2024"]
[Source "ChessBase"]
[SourceDate "2023.10.10"]
[SourceVersion "1"]
[SourceVersionDate "2023.10.10"]
[SourceQuality "1"]

1. d4 e6 2. g3 d5 3. Bg2 Nf6 4. Nf3 Be7 5. 0-0 0-0 6. b3 c6 7. Bb2 Nbd7 8. Nbd2 b5 9. e4 h6 10. Re1 Rb8 11. a4 b4 12. Ne5 Nxe5 13. dxe5 Nd7 14. Qe2 a5 15. Rad1 Qb6 16. exd5 cxd5 17. Nf3 Ba6 18. Qd2 Bc5 19. Bd4 Rbc8 20. Bf1 Bxf1 21. Kxf1 Qc7 22. Re2 Bxd4 23. Qxd4 Nc5 1/2-1/2

[Event "Maresme op 8th"]
[Site "Maresme"]
[Date "2011.11.12"]
[Round "8"]
[White "Ruiz Molina, Gabriel"]
[Black "Franch Guiral, Ramon"]
[Result "1/2-1/2"]
[WhiteElo "1928"]
[BlackElo "1970"]
[PlyCount "26"]
[EventDate "2011.09.24"]
[EventType "swiss"]
[EventRounds "9"]
[EventCountry "ESP"]
[SourceTitle "EXT 2013"]
[Source "ChessBase"]
[SourceDate "2012.11.22"]
[SourceVersion "1"]
[SourceVersionDate "2012.11.22"]
[SourceQuality "1"]

1. d4 d5 2. c4 c6 3. cxd5 cxd5 4. Nf3 Nc6 5. Nc3 Nf6 6. Bf4 e6 7. e3 Bd6 8. Bxd6 Qxd6 9. Bd3 0-0 10. 0-0 a6 11. a3 Bd7 12. Rc1 Rfc8 13. Qe2 b5 1/2-1/2

[Event "Mataro-A"]
[Site "Mataro"]
[Date "2010.07.10"]
[Round "1"]
[White "Franch Guiral, Ramon"]
[Black "Molano Lafuente, Ismael"]
[Result "0-1"]
[WhiteElo "2014"]
[BlackElo "2057"]
[PlyCount "74"]
[EventDate "2010.07.10"]
[EventType "tourn"]
[EventRounds "9"]
[EventCountry "ESP"]
[SourceTitle "EXT 2011"]
[Source "ChessBase"]
[SourceDate "2010.11.26"]
[SourceVersion "1"]
[SourceVersionDate "2010.11.26"]
[SourceQuality "1"]

1. e4 c5 2. Nc3 Nc6 3. f4 e6 4. Nf3 d5 5. e5 Nh6 6. Bb5 Be7 7. 0-0 0-0 8. Re1 Qb6 9. Bf1 c4+ 10. Kh1 Ng4 11. Re2 Nf2+ 12. Rxf2 Qxf2 13. d4 cxd3 14. cxd3 Nd4 15. Ng1 Bd7 16. Bd2 Nf5 17. Nh3 Qb6 18. Rb1 Rac8 19. Qe1 Bc6 20. Nd1 d4 21. b3 Bd5 22. Nb2 Bh4 23. Qd1 Ne3 24. Bxe3 dxe3 25. Nc4 Bxc4 26. bxc4 Qd4 27. Qf3 b6 28. Qb7 Rb8 29. Qc7 Qd8 30. Qc6 Be7 31. Ng1 Qd4 32. Nf3 Qxf4 33. d4 g5 34. Qd7 Rfe8 35. d5 g4 36. Ng1 Qxe5 37. Be2 Bd6 0-1

[Event "Barbera del Valles op-B 30th"]
[Site "Barbera del Valles"]
[Date "2007.07.12"]
[Round "7"]
[White "Rodriguez Pardo, Fernando"]
[Black "Franch Guiral, Ramon"]
[Result "1/2-1/2"]
[WhiteElo "2058"]
[BlackElo "1989"]
[PlyCount "59"]
[EventDate "2007.07.06"]
[EventType "swiss"]
[EventRounds "7"]
[EventCountry "ESP"]
[SourceTitle "EXT 2008"]
[Source "ChessBase"]
[SourceDate "2007.11.25"]
[SourceVersion "1"]
[SourceVersionDate "2007.11.25"]
[SourceQuality "1"]

1. d4 e6 2. g3 d5 3. Bg2 f5 4. Nf3 Nf6 5. c4 c6 6. 0-0 Bd6 7. b3 Qe7 8. a4 Nbd7 9. Ba3 dxc4 10. bxc4 0-0 11. Bxd6 Qxd6 12. Nc3 Qb4 13. Qd3 Qe7 14. e4 e5 15. exf5 e4 16. Qe2 Re8 17. Ng5 Nf8 18. Rfe1 Bxf5 19. Ncxe4 Rad8 20. Qa2 Nxe4 21. Nxe4 Kh8 22. d5 cxd5 23. cxd5 Qb4 24. Reb1 Qe7 25. d6 Qe6 26. Qxe6 Rxe6 27. Rb4 Bxe4 28. Bxe4 b6 29. d7 Rd6 30. a5 1/2-1/2

[Event "Barbera del Valles op-B 30th"]
[Site "Barbera del Valles"]
[Date "2007.07.11"]
[Round "6"]
[White "Franch Guiral, Ramon"]
[Black "Ruiz Manchon, Francesco Xavier"]
[Result "1-0"]
[WhiteElo "1989"]
[BlackElo "2093"]
[PlyCount "45"]
[EventDate "2007.07.06"]
[EventType "swiss"]
[EventRounds "7"]
[EventCountry "ESP"]
[SourceTitle "EXT 2008"]
[Source "ChessBase"]
[SourceDate "2007.11.25"]
[SourceVersion "1"]
[SourceVersionDate "2007.11.25"]
[SourceQuality "1"]

1. f4 Nf6 2. Nf3 d5 3. e3 Bg4 4. d4 c5 5. c3 e6 6. Bd3 Nc6 7. 0-0 Be7 8. Nbd2 0-0 9. Qe1 Bf5 10. Bb1 b5 11. Ne5 Rc8 12. h3 b4 13. g4 Bxb1 14. Rxb1 Qa5 15. cxb4 Nxb4 16. a3 Nc2 17. Qf2 cxd4 18. Nb3 dxe3 19. Qxc2 Qb5 20. Qd3 Qxd3 21. Nxd3 e2 22. Re1 Rc2 23. Nd4 1-0

[Event "Mataro op"]
[Site "Mataro"]
[Date "1996.08.19"]
[Round "8"]
[White "Franch Guiral, Ramon"]
[Black "Aguilar Sevilla, Diego"]
[Result "1-0"]
[WhiteElo "2070"]
[BlackElo "2055"]
[PlyCount "45"]
[EventDate "1996.08.??"]
[EventType "swiss"]
[EventRounds "9"]
[EventCountry "ESP"]
[SourceTitle "EXT 2001"]
[Source "ChessBase"]
[SourceDate "2000.11.22"]
[SourceVersion "1"]
[SourceVersionDate "2000.11.22"]
[SourceQuality "1"]

1. f4 d5 2. Nf3 c5 3. e3 g6 4. d4 Nf6 5. c3 b6 6. Bd3 Bg7 7. Qe2 Bb7 8. Nbd2 Nc6 9. Ne5 0-0 10. 0-0 Ne4 11. Ndf3 f6 12. Ng4 Qc8 13. Nf2 Nd8 14. Nd2 Nxd2 15. Bxd2 e5 16. dxe5 fxe5 17. fxe5 Bxe5 18. e4 Qc7 19. Ng4 Bg7 20. Nh6+ Kh8 21. Rxf8+ Bxf8 22. Rf1 Bg7 23. exd5 1-0